000
00288 a2200121 4500
001
58018
082
_a
304.2 JOH
090
_c
35525
_d
35525
100
_a
Johnston, R.J
245
_a
Dictionary of the Human Geography, 4/e
250
_a
4
260
_a
India
_b
Blackwell publishing
_c
2000
942
_a
NUST-CAE
_k
304.2 JOH
999
_c
293091
_d
293091